| 000 | 01343nam0a22003011 4500 | ||
|---|---|---|---|
| 001 | rc\3163035 | ||
| 005 | 20120615110348.2 | ||
| 021 |
_aRU _b[76-41439] |
||
| 035 | _a(NLR Aleph) 007326076 | ||
| 090 |
_a5960274 _c5960274 |
||
| 100 | _a20120615d1976 |||y0rusy50 ca | ||
| 101 | 0 | _arus | |
| 102 | _aRU | ||
| 105 | _aa z |||c| | ||
| 200 | 1 |
_aОренбургское летное _eОчерк истории Оренб. высш. воен. авиац. Краснознам. училища летчиков им. И.С. Полбина _fИ.С. Копылов, А.Н. Лазуркин, Г.Л. Райкин |
|
| 210 |
_aМосква _cВоениздат _d1976 |
||
| 215 |
_a268 с. _cил. _d20 |
||
| 300 | _aНа пер. авт. не указаны | ||
| 606 |
_aАвиационные училища _yОренбург _xИстория _2psbo |
||
| 700 | 1 |
_aКопылов _bИ. С. _gИван Степанович |
|
| 701 | 1 |
_aРайкин _bГ. Л. _gГерш Львович |
|
| 701 | 1 |
_aЛазуркин _bА. Н. _gАлександр Николаевич |
|
| 712 | 0 | 2 |
_aОренбургское высшее военное авиационное уч-ще летчиков им. И.С.Полбина _3RU\NLR\AUTH\889951266 |
| 801 | 0 |
_aRU _bNLR _gpsbo |
|
| 801 | 1 |
_aRU _bELAR _2rusmarc |
|
| 852 |
_aNLR _j76-3/7590 |
||
| 942 | _cBOOK | ||
| 980 | _aNB | ||